Electric power distribution handbook / (Record no. 176971)

000 -LEADER
fixed length control field 01227 a2200229 4500
003 - CONTROL NUMBER IDENTIFIER
control field Nust
005 - DATE AND TIME OF LATEST TRANSACTION
control field 20220803145213.0
010 ## - LIBRARY OF CONGRESS CONTROL NUMBER
LC control number 2003055214
020 ## - INTERNATIONAL STANDARD BOOK NUMBER
International Standard Book Number 0849317916 (alk. paper)
040 ## - CATALOGING SOURCE
Transcribing agency Nust
082 00 - DEWEY DECIMAL CLASSIFICATION NUMBER
Classification number 621.319,SHO
100 1# - MAIN ENTRY--PERSONAL NAME
Personal name Short, T. A.
9 (RLIN) 96451
245 10 - TITLE STATEMENT
Title Electric power distribution handbook /
Statement of responsibility, etc. T.A. Short.
260 ## - PUBLICATION, DISTRIBUTION, ETC.
Place of publication, distribution, etc. Boca Raton, FL :
Name of publisher, distributor, etc. CRC Press,
Date of publication, distribution, etc. 2004.
300 ## - PHYSICAL DESCRIPTION
Extent 773 p. :
Other physical details ill. ;
Dimensions 24 cm.
440 #0 - SERIES STATEMENT/ADDED ENTRY--TITLE
Title Electric power engineering series
9 (RLIN) 96452
505 ## - FORMATTED CONTENTS NOTE
Formatted contents note Fundamentals of Distribution Systems (Page-1), Overhead Lines (Page-33), Underground Distribution (Page-91), Transformers (Page-159), Voltage Regulation (Page-233), Capacitor Application (Page-269), Faults (Page-311), Short-Circuit Protection (Page-375), Reliability (Page-441), Voltage Sags and Momentary Interruptions (Page-479), Other Power Quality Issues (Page-539), Lightning Protection (Page-587), Grounding and Safety (Page-651), Distributed Generation (Page-699).
650 #0 - SUBJECT ADDED ENTRY--TOPICAL TERM
Topical term or geographic name entry element Telecommunication Engineering
856 42 - ELECTRONIC LOCATION AND ACCESS
Materials specified Book review (E-STREAMS)
Uniform Resource Identifier <a href="http://www.e-streams.com/es0709/es0709_3526.html">http://www.e-streams.com/es0709/es0709_3526.html</a>
856 42 - ELECTRONIC LOCATION AND ACCESS
Materials specified Publisher description
Uniform Resource Identifier <a href="http://www.loc.gov/catdir/enhancements/fy0646/2003055214-d.html">http://www.loc.gov/catdir/enhancements/fy0646/2003055214-d.html</a>
942 ## - ADDED ENTRY ELEMENTS (KOHA)
Koha item type Reference
Source of classification or shelving scheme
Holdings
Withdrawn status Lost status Source of classification or shelving scheme Damaged status Not for loan Collection code Permanent Location Current Location Date acquired Total Checkouts Full call number Barcode Date last seen Price effective from Koha item type
            Military College of Signals (MCS) Military College of Signals (MCS) 12/12/2016   621.319 SHO MCS30857 12/08/2016 12/12/2016 Book
© 2023 Central Library, National University of Sciences and Technology. All Rights Reserved.